Statistiken für Die besten Torschützen in der Geschichte des FC Everton

Klicken Sie hier um das Quiz zu spielen!

Allgemein

  • Dieses Quiz wurde 3 mal gespielt
  • Das Durchschnittsergebnis liegt bei 1 aus 10

Antwortstatistiken

ToreNationalitätSpieler% Korrekt
87BelgienRomelu Lukaku
100%
135SchottlandGraeme Sharp
33%
84EnglandAdrian Heath
0%
78SchottlandAlex Young
0%
117EnglandBob Latchford
0%
73EnglandDerek Temple
0%
85EnglandJoe Royle
0%
77Irland / WalesKevin Sheedy
0%
99WalesRoy Vernon
0%
77EnglandTony Cottee
0%

Verteilung der Resultate

Perzentil nach korrekt beantworteten Fragen

Anzahl Personen mit jedem Resultat

Ihre Resultats-Entwicklung

Sie haben dieses Quiz noch nicht gespielt